000 00721nam a2200217Ii 4500
003 JO-AjNU
008 230605s9999||||xx |||||||||||||| ||und||
017 _a2006/3290
020 _a977-277-420-8
040 _aJO-AjNU
_bara
_erda
_cJO-AjNU
041 _aara
050 1 4 _aRA784.M36.2006
100 3 _aمنصور ،حسن فكري ,
_eauthor
_910368
245 0 0 _aاحترس من الغذاء الدليل الواضح للضار والنافع من الغذاء
264 3 1 _aجدة:مكتبة الساعي ,2006
300 _a126ص
336 _atext
_btxt
_2rdacontent
337 _aunmediated
_bn
_2rdamedia
338 _avolume
_bnc
_2rdacarrier
650 4 _aالاغذية-الجوانب الصحية
_910369
999 _aA1771
_c5339
_d5339